Plantas útiles de la Amazonia colombiana, departamento del Amazonas (Registro nro. 2129)
[ vista simple ]
| 000 -CABECERA | |
|---|---|
| Campo de control | 00842nam a2200265 a 4500 |
| 005 - FECHA Y HORA DE LA ULTIMA TRANSACCION | |
| Campo de control | 20191224041624.0 |
| 008 - ELEMENTOS DE LONGITUD FIJA—INFORMACION GENERAL | |
| Campo de control | 140304b2000 ck ||||| |||| 00| 0 spa d |
| 040 ## - FUENTE DE CATALOGACIÓN | |
| Agencia catalogadora original | CO-BoIAVH |
| Agencia transcriptora | CO-BoIAVH |
| 041 ## - IDIOMA | |
| Código de idioma para texto/pista de sonido o título separado | Español |
| 044 ## - PAÍS DE PUBLICACIÓN | |
| País de publicación | Colombia |
| 082 ## - NUMERO DE CLASIFICACION DECIMAL DEWEY | |
| Número de clasificación | 581.63 |
| Número del ítem | C26p |
| 100 #1 - ASIENTO PRINCIPAL--NOMBRE PERSONAL | |
| Nombre personal | Cárdenas López, Dairon |
| 245 10 - MENCION DE TITULO | |
| Título | Plantas útiles de la Amazonia colombiana, departamento del Amazonas |
| Parte restante del título | perspectivas de los productos forestales no maderables |
| 260 ## - PUBLICACION, DISTRIBUCION, ETC. (PIE DE IMPRENTA) | |
| Lugar de publicación, distribución, etc. | Bogotá: |
| Nombre del editor, distribuidor, etc. | SINCHI, |
| Fecha de publicación, distribución, etc. | 2000. |
| 300 ## - DESCRIPCION FISICA | |
| Extensión | 133 paginas |
| 650 #6 - ASIENTO SECUNDARIO DE MATERIA - TERMINO TEMATICO | |
| Término temático o nombre geográfico como elemento de entrada | Plantas útiles |
| 650 #6 - ASIENTO SECUNDARIO DE MATERIA - TERMINO TEMATICO | |
| Término temático o nombre geográfico como elemento de entrada | Etnobotánica |
| 650 #6 - ASIENTO SECUNDARIO DE MATERIA - TERMINO TEMATICO | |
| Término temático o nombre geográfico como elemento de entrada | Productos no maderables |
| 650 #6 - ASIENTO SECUNDARIO DE MATERIA - TERMINO TEMATICO | |
| Término temático o nombre geográfico como elemento de entrada | Uso de biodiversidad |
| 650 #6 - ASIENTO SECUNDARIO DE MATERIA - TERMINO TEMATICO | |
| Término temático o nombre geográfico como elemento de entrada | Taxonomía |
| 650 #6 - ASIENTO SECUNDARIO DE MATERIA - TERMINO TEMATICO | |
| Término temático o nombre geográfico como elemento de entrada | Comercio |
| 650 ## - ASIENTO SECUNDARIO DE MATERIA - TERMINO TEMATICO | |
| Término temático o nombre geográfico como elemento de entrada | Amazonía Colombiana |
| 700 ## - ASIENTO SECUNDARIO - NOMBRE PERSONAL | |
| Nombre personal | López Camacho, René |
| 942 ## - ELEMENTOS ADICIONALES (KOHA) | |
| Tipo de ítem | Libro |
| Sistema de clasificación | Dewey Decimal Classification |
| Withdrawn status | Lost status | Sistema de Clasificación | Damaged status | No para préstamo | Colección | Fecha publicación (Año) | Inventariado | Ubicación Permanente | Ubicación actual | Fecha de adquisición | Fuente de Valor | Valor | Total Checkouts | Número topográfico | Inventario / Código de Barras | Date last seen | Ejemplar | Price effective from | Forma de adquisición | Tipo de material | Date checked out |
|---|---|---|---|---|---|---|---|---|---|---|---|---|---|---|---|---|---|---|---|---|---|
| Dewey Decimal Classification | General | Inventariado 2017 | Bogotá | Bogotá | 04/05/2001 | Instituto | 39000.00 | 1 | LB-581.63 C26p | 002662 | 30/08/2018 | Ej.2 | 04/12/2012 | Libro | 30/08/2018 | ||||||
| Dewey Decimal Classification | General | 2000 | Inventariado 2017 | Sala Fabio Quevedo | Sala Fabio Quevedo | 05/01/2016 | Instituto | 39000.00 | LB-581.63 C26p | 002660 | 04/12/2012 | Ej.1 | 04/12/2012 | Libro |